| 000 | 00553nam a2200193 a 4500 | ||
|---|---|---|---|
| 005 | 20140310183539.0 | ||
| 008 | 111025s19uu xx 00 eng d | ||
| 020 | _a9781848606241 | ||
| 050 |
_aRC 489 _b.T586 2011 |
||
| 100 | _aTimulak, Ladislav | ||
| 245 |
_aDeveloping your counselling & psychotherapy skills & practice / _cLadislav Timulak. |
||
| 260 |
_aLondon : _bSAGE Publications, _c2011. |
||
| 300 |
_a240 p. : _c24 cm. |
||
| 521 | _aPSYCH | ||
| 650 | _aCounselling | ||
| 650 | _aPsychotherapy | ||
| 942 |
_cBK _2lcc _kFOR |
||
| 999 |
_c24775 _d24775 |
||